000 00542nam a22002057a 4500
003 UA-OsUOA
001 42872
007 ta
008 20090330b un ||||| |||| 00| 0 ukr d
090 _a150.9
_bП81
942 _cBR
040 _aUA-OsUOA
_bukr
_cUA-OsUOA
_dUA-OsUOA
245 _aПропамятний календар тисячоліття хрещення Руси-України
955 _a4
041 _aukr
080 _a150.9
260 _aOhio
_c1988
650 7 _a1 Філософські науки
_2UDC
999 _c441346
_d441346